Rick and Morty Episodes Quiz Stats

 Plays Quiz not verified by Sporcle

Support Sporcle.
Go Orange.
Score 0/41 Timer 10:00
1 Play Today
Hint Answer % Correct
Season 1Pilot
89.7%
Season 1Lawnmower Dog
75.3%
Season 3Pickle Rick
73.7%
Season 2Total Rickall
72.8%
Season 4Childrick of Mort
70.5%
Season 1Anatomy Park
70.3%
Season 1Rick Potion #9
67%
Season 3The ABCs of Beth
66.9%
Season 4The Old Man and the Seat
65.9%
Season 4Rattlestar Ricklactica
65.9%
Season 4The Vat of Acid Episode
65.9%
Season 1Rixty Minutes
64.5%
Season 3Morty's Mind Blowers
63.9%
Season 4Promortyus
63.6%
Season 1Meeseeks and Destroy
61.8%
Season 2The Wedding Squanchers
61.8%
Season 3The Ricklantis Mixup
61.5%
Season 4Star Mort Rickturn of the Jerri
61.4%
Season 2A Rickle in Time
61.3%
Season 3Vindicators 3: The Return of Worldender
60.3%
Season 1Raising Gazorpazorp
59.5%
Hint Answer % Correct
Season 3The Rickshank Rickdemption
59.2%
Season 1Something Ricked This Way Comes
57.9%
Season 4One Crew over the Crewcoo's Morty
56.8%
Season 4Claw and Hoarder: Special Ricktim's Morty
56.8%
Season 2Get Schwifty
55.6%
Season 2Interdimensional Cable 2: Tempting Fate
55.4%
Season 3The Rickchurian Mortydate
55%
Season 3Rest and Ricklaxation
54.1%
Season 2Mortynight Run
53.8%
Season 3The Whirly Dirly Conspiracy
53.6%
Season 4Edge of Tomorty: Rick Die Rickpeat
52.3%
Season 1M. Night Shaym-Aliens!
52.2%
Season 2Look Who's Purging Now
52.2%
Season 1Ricksy Business
50.8%
Season 4Never Ricking Morty
50%
Season 1Close Rick-counters of the Rick Kind
49.4%
Season 2The Ricks Must Be Crazy
48.3%
Season 2Auto Erotic Assimilation
46.9%
Season 3Rickmancing the Stone
46.7%
Season 2Big Trouble In Little Sanchez
44.6%

You're not logged in!

Compare scores with friends on all Sporcle quizzes.
OR
Log In

From the Vault

Doesn't Begin, or End in RED

by seanpat0

Are you red-y to begin ... or end?
Remove Ads.
Support Sporcle.
Get the best of Sporcle when you Go Orange. This ad-free experience offers more features, more stats, and more fun while also helping to support Sporcle. Thank you for becoming a member.

Show Comments

Extras

Top Quizzes Today


Score Distribution

Your Account Isn't Verified!

In order to create a playlist on Sporcle, you need to verify the email address you used during registration. Go to your Sporcle Settings to finish the process.

Report this User

Report this user for behavior that violates our Community Guidelines.

Details: